01363cam a22004334i 4500003000900000005001700009008004100026020001500067020001800082035002700100035001800127035001800145040004300163082002200206100003000228245008600258264006400344300003800408336002100446337002500467338002300492504003900515504003300554505011400587526001000701526001000711526001000721526001000731526000800741526000800749526000800757526000800765526000800773526000800781526000800789650002800797630005000825630005400875PE-LiUPU20250731173502.0150616s1994 kyua rb 01 eng  a066422038X a9780664220389 a(Sirsi) i9780664220389 a(Sirsi) 17195 a(Sirsi) 17195 aPE-LiUPUbspacPE-LiUPUdPE-LiUPUerda04a248.8942bV282201 aVan Seters, John,eautor.14aThe Life of Moses: The Yahwist as historian in Exodus-Numbers /cJohn Van Seters. 1aLouisville, Kentucky :bWestminster/John Knox Press,c1994. a524 páginas ;c24 centímetros atext2rdacontent aunmediated2rdamedia avolume2rdacarrier aBibliografía: páginas 469-488. aÍndice: páginas 489-524.0 aMoses as Deliverer -- Moses and the wilderness tradition -- Moses at Sinai -- Moses and conquest of the Land. aSEG42 aSEG41 aSEG40 aSEG39 aP94 aP87 aP86 aP85 aP77 aP76 aP3504aMoisésvBiografías.07aBiblia.pA.T.pExodoxHistoriografía.2lemb07aBiblia.pA.T.pNúmerosxHistoriografía.2lemb